| 000 | 00688nam a2200181Ia 4500 | ||
|---|---|---|---|
| 008 | 090630s9999 xx 000 0 und d | ||
| 082 | _b14072 | ||
| 100 | _aरावजी आशु - कानडे दिनू. | ||
| 245 |
_aक्षणभंगूर. _cरावजी आशु - कानडे दिनू. |
||
| 260 |
_bडॉल्फीन - गोवा. _c1990 |
||
| 300 | _a229 | ||
| 600 | _aरावजी आशु - कानडे दिनू. | ||
| 630 | _aक्षणभंगूर. | ||
| 655 | _aकादंबरी. | ||
| 700 | _aरावजी आशु - कानडे दिनू. | ||
| 730 | _aक्षणभंगूर. | ||
| 942 | _cBOOK | ||
| 999 |
_c265928 _d265928 |
||